[Event "Landesliga Sued 0203"]
[Site "Bayern"]
[Date "2003.03.09"]
[Round "8.6"]
[White "Habdank, Christoph"]
[Black "Nissen, Jens"]
[Result "0-1"]
[WhiteElo "2066"]
[BlackElo "2072"]
[PlyCount "110"]
[EventDate "2002.10.20"]
[EventType "team-tourn"]
[EventRounds "9"]
[EventCountry "GER"]
[SourceTitle "EXT 2004"]
[Source "ChessBase"]
[SourceDate "2003.11.25"]
[SourceVersion "1"]
[SourceVersionDate "2003.11.25"]
[SourceQuality "1"]
[WhiteTeam "Graefelfing"]
[BlackTeam "Muenchen Sendling"]
[WhiteTeamCountry "GER"]
[BlackTeamCountry "GER"]

1. g3 d6 2. Bg2 e5 3. e4 Nf6 4. d3 Be7 5. Nf3 c5 6. 0-0 Nc6 7. c3 0-0 8. Nbd2 b5 9. a4 b4 10. Nc4 Bg4 11. h3 Bxf3 12. Qxf3 Ne8 13. Qe2 Rc8 14. Bd2 g6 15. f4 exf4 16. Bxf4 Bf6 17. Bd2 Bg7 18. h4 h5 19. Bh3 Rb8 20. Bg5 Qc7 21. Qd2 Kh7 22. Ne3 f6 23. Bf4 Ne5 24. Nd5 Qb7 25. d4 bxc3 26. bxc3 cxd4 27. cxd4 Ng4 28. Bxg4 hxg4 29. Nc3 Qa6 30. Nb5 Qc6 31. d5 Qd7 32. Ra2 f5 33. Qd3 a6 34. Nd4 fxe4 35. Qxe4 Rb4 36. Rd2 Qxa4 37. Rfd1 Bxd4+ 38. Kg2 Be5 39. Qd3 Rd4 40. Qe2 Rxd2 41. Rxd2 Rf5 42. Ra2 Qb5 43. Qxb5 axb5 44. Ra7+ Kg8 45. Bg5 b4 46. Ra8 Kf7 47. Ra7+ Kf8 48. Ra8 b3 49. Bh6+ Ke7 50. Bg5+ Bf6 51. Ra7+ Kd8 52. Ra8+ Kd7 53. Ra7+ Nc7 54. Bxf6 Rxf6 55. Rb7 Rf3 0-1

[Event "Landesliga Sued 0203"]
[Site "Bayern"]
[Date "2002.10.20"]
[Round "1.6"]
[White "Nissen, Jens"]
[Black "Braun, Thomas1111"]
[Result "0-1"]
[WhiteElo "2072"]
[BlackElo "2093"]
[PlyCount "62"]
[EventDate "2002.10.20"]
[EventType "team-tourn"]
[EventRounds "9"]
[EventCountry "GER"]
[SourceTitle "EXT 2004"]
[Source "ChessBase"]
[SourceDate "2003.11.25"]
[SourceVersion "1"]
[SourceVersionDate "2003.11.25"]
[SourceQuality "1"]
[WhiteTeam "Muenchen Sendling"]
[BlackTeam "Bayern Muenchen II"]
[WhiteTeamCountry "GER"]
[BlackTeamCountry "GER"]

1. e4 e6 2. d4 d5 3. Nd2 c5 4. Ngf3 Nc6 5. exd5 exd5 6. Bb5 Bd6 7. 0-0 cxd4 8. Re1+ Nge7 9. Nxd4 0-0 10. Nf1 Qb6 11. Bxc6 bxc6 12. Nb3 c5 13. Bg5 Be6 14. Qd2 Ng6 15. h4 Ne5 16. c3 Nc4 17. Qc1 a5 18. Nfd2 Ne5 19. Qc2 a4 20. Nc1 Qa6 21. Bf4 f6 22. Bg3 Bf7 23. Qf5 Rae8 24. Bxe5 Bxe5 25. Nf3 Bg6 26. Qd7 Bd6 27. b3 Rxe1+ 28. Nxe1 Re8 29. Ncd3 axb3 30. Nxc5 Qxa2 31. Rxa2 Rxe1# 0-1

[Event "Oberliga Bayern 0102"]
[Site "Bayern"]
[Date "2001.11.25"]
[Round "3.4"]
[White "Albeker, Mark"]
[Black "Nissen, Jens"]
[Result "1-0"]
[WhiteElo "2135"]
[BlackElo "2120"]
[PlyCount "65"]
[EventDate "2001.10.07"]
[EventType "team"]
[EventRounds "9"]
[EventCountry "GER"]
[SourceTitle "EXT 2003"]
[Source "ChessBase"]
[SourceDate "2002.11.25"]
[SourceVersion "1"]
[SourceVersionDate "2002.11.25"]
[SourceQuality "1"]
[WhiteTeam "Haunstetten"]
[BlackTeam "Muenchen Sendling"]
[WhiteTeamCountry "GER"]
[BlackTeamCountry "GER"]

1. c4 e5 2. Nc3 d6 3. g3 Be6 4. Bg2 c6 5. d3 Nf6 6. Nf3 Be7 7. 0-0 Na6 8. Rb1 0-0 9. b4 h6 10. b5 Nc7 11. bxc6 bxc6 12. c5 Ncd5 13. Na4 Qc7 14. Qc2 Nd7 15. Ba3 N5f6 16. cxd6 Bxd6 17. Bxd6 Qxd6 18. Nd2 Nb6 19. Nxb6 axb6 20. a4 b5 21. axb5 Ra2 22. Rb2 Rxb2 23. Qxb2 cxb5 24. Qxb5 Rb8 25. Qa5 Rb2 26. Qc3 Ra2 27. Ra1 Rxa1+ 28. Qxa1 Qb4 29. Ne4 Nd5 30. Qc1 f5 31. Qc6 Qe7 32. Nc5 Nb4 33. Qxe6+ 1-0

[Event "Landesliga Sued 0001"]
[Site "Bayern"]
[Date "2001.01.14"]
[Round "4"]
[White "Boehm, Uwe"]
[Black "Nissen, Jens"]
[Result "1/2-1/2"]
[WhiteElo "2235"]
[BlackElo "2165"]
[PlyCount "58"]
[EventDate "2000.10.15"]
[EventType "team-tourn"]
[EventRounds "9"]
[EventCountry "GER"]
[SourceTitle "EXT 2020"]
[Source "ChessBase"]
[SourceDate "2019.10.17"]
[SourceVersion "1"]
[SourceVersionDate "2019.10.17"]
[SourceQuality "1"]
[WhiteTeam "Muenchen Siemens"]
[BlackTeam "Sendling SC"]
[WhiteTeamCountry "GER"]
[BlackTeamCountry "GER"]

1. d4 c6 2. e4 d5 3. exd5 cxd5 4. Bd3 Nc6 5. c3 g6 6. Bf4 Nh6 7. Nd2 Bg7 8. Ngf3 0-0 9. 0-0 f6 10. c4 Be6 11. Qe2 Qd7 12. Nb3 b6 13. c5 Bg4 14. Bxh6 Bxh6 15. h3 Bxf3 16. Qxf3 e5 17. Bb5 e4 18. Qc3 a6 19. Bxc6 Qxc6 20. f4 bxc5 21. dxc5 Rfc8 22. Rac1 Bf8 23. Kh1 Ra7 24. Rc2 f5 25. Rd1 Bg7 26. Nd4 Bxd4 27. Qxd4 Rd7 28. b3 Kf7 29. Kg1 h6 1/2-1/2

[Event "Regionalliga SW 9900"]
[Site "Bayern"]
[Date "2000.??.??"]
[Round "8.2"]
[White "Nissen, Jens"]
[Black "Rajic, Ivica"]
[Result "1-0"]
[WhiteElo "2110"]
[BlackElo "2040"]
[PlyCount "83"]
[EventDate "1999.??.??"]
[EventType "team-tourn"]
[EventRounds "9"]
[EventCountry "GER"]
[SourceTitle "EXT 2020"]
[Source "ChessBase"]
[SourceDate "2019.10.17"]
[SourceVersion "1"]
[SourceVersionDate "2019.10.17"]
[SourceQuality "1"]
[WhiteTeam "Pasing II"]
[BlackTeam "Muenchen Suedost"]
[WhiteTeamCountry "GER"]
[BlackTeamCountry "GER"]

1. e4 c5 2. Nf3 d6 3. d4 cxd4 4. Qxd4 a6 5. c4 Nc6 6. Qd1 Bg4 7. h3 Bh5 8. Be2 Nf6 9. Nc3 Bg6 10. Nd2 e6 11. 0-0 Be7 12. f4 Qd7 13. g4 h6 14. f5 Bh7 15. Nf3 g5 16. Be3 Qc7 17. Kg2 Bg8 18. Rc1 Ne5 19. Nxe5 dxe5 20. Qb3 Qc6 21. Qb6 Rc8 22. a3 Qxb6 23. Bxb6 Nd7 24. Be3 f6 25. fxe6 Bxe6 26. Nd5 Bd8 27. b4 0-0 28. c5 Nb8 29. a4 Kg7 30. b5 Rf7 31. Rc2 h5 32. Kf3 hxg4+ 33. hxg4 Ba5 34. Rfc1 Rd8 35. c6 bxc6 36. bxc6 Rxd5 37. exd5 Bxd5+ 38. Kf2 Bc7 39. Ba7 Rf8 40. Rd2 Be6 41. Rb2 Kg6 42. Rb7 1-0

[Event "Regionalliga SW 9900"]
[Site "Bayern"]
[Date "2000.??.??"]
[Round "5.1"]
[White "Nissen, Jens"]
[Black "Reiter, Marcus"]
[Result "1-0"]
[WhiteElo "2110"]
[BlackElo "2018"]
[PlyCount "45"]
[EventDate "1999.??.??"]
[EventType "team-tourn"]
[EventRounds "9"]
[EventCountry "GER"]
[SourceTitle "EXT 2020"]
[Source "ChessBase"]
[SourceDate "2019.10.17"]
[SourceVersion "1"]
[SourceVersionDate "2019.10.17"]
[SourceQuality "1"]
[WhiteTeam "Pasing II"]
[BlackTeam "Noerdlingen"]
[WhiteTeamCountry "GER"]
[BlackTeamCountry "GER"]

1. e4 e6 2. d4 d5 3. Nd2 c5 4. Ngf3 Nc6 5. Bb5 Nf6 6. e5 Nd7 7. c4 Be7 8. 0-0 0-0 9. Re1 Re8 10. cxd5 exd5 11. e6 fxe6 12. Rxe6 Bf6 13. Rxc6 bxc6 14. Bxc6 Rb8 15. Bxd5+ Kh8 16. Ne4 Qe7 17. Bf4 Rxb2 18. Bd6 Qd8 19. dxc5 Ne5 20. Nxe5 Rxe5 21. Bxe5 Bxe5 22. Qh5 Bd4 23. Ng5 1-0